000 00261nam a2200097Ia 4500
001 1075616
005 20250827002241.0
008 250824s9999 xx 000 0 und d
245 0 _aMÜMKÜN ÖYKÜLERİN EN İYİSİ
_cAYKUT ERTUĞRUL
260 _bKETEBE YAYINLARI
999 _c1075616
_d1075616